000 00526nam a22001817a 4500
003 CEME
005 20210628203321.0
008 210127b xxu||||| |||| 00| 0 eng d
020 _a81-7808-862-2
040 _c.
082 _a621.382 SWA
100 _aSwaminatha, Tara M:Elden, Charles R
_961328
245 _aWirless security and privacy;best practices and design techniqes
260 _aNEW DELHI
_bPEARSON EDUCATION
_c2003
300 _aXXVII,276P
650 _aWIRLESS SECURITY AND PRIVACY
_964671
942 _cBK
_2ddc
999 _c573098
_d573098